000 00602nam a2200181 i 4500
001 41952
003 ES-MaACL
005 20231229063012.0
007 t|
008 030312s1966 sp ||||1| spa d
100 1 _aCastán Tobeñas, José,
_d1889-1969
_936392
245 1 3 _aLa seguridad social y su actual perspectiva
_b: (ensayo doctrinal y crítico) /
_cJosé Castán Tobeñas.
260 _aMadrid :
_bReus,
_c1966.
300 _a28 p. ;
_c25 cm.
500 _aPublicado en la Revista General de Legislación y Jurisprudencia.
852 _aES-MaACL
_j2053-F-25
_bR.60888
999 _c41952
_d41952